| 000 | 00836nam a2200229Ii 4500 | ||
|---|---|---|---|
| 003 | JO-AjNU | ||
| 008 | 230605s9999||||xx |||||||||||||| ||und|| | ||
| 017 | _a2006/10/2730 | ||
| 020 | _a9957-18-136-X | ||
| 040 |
_aJO-AjNU _bara _erda _cJO-AjNU |
||
| 041 | _aara | ||
| 050 | 1 | 4 | _aHF4515.5.2007 |
| 100 | 3 |
_aالصميدعي،محمود جاسم/ردينة عثمان يوسف, _eauthor _931830 |
|
| 245 | 0 | 0 | _aسلوك المستهلك:مدخل كمي وتحليلي |
| 250 | _aط1 | ||
| 264 | 3 | 1 | _aعمان:دار المناهج للنشر والتوزيع؛2007 |
| 300 |
_a276ص _bيحتوي على ببلوغرافية من ص271-276ص |
||
| 336 |
_atext _btxt _2rdacontent |
||
| 337 |
_aunmediated _bn _2rdamedia |
||
| 338 |
_avolume _bnc _2rdacarrier |
||
| 650 | 4 |
_aسلوك المستهلك-توعية المستهلك _931831 |
|
| 999 |
_aA12776 _c16344 _d16344 |
||